Pedagogía de la lengua materna /
Uloženo v:
| Hlavní autor: | |
|---|---|
| Médium: | Kniha |
| Jazyk: | španělština |
| Vydáno: |
Barcelona, España :
Planeta,
1978, c1978
|
| Vydání: | 2a edición |
| Edice: | (Paideia ;
45) |
| Témata: | |
| Tagy: |
Žádné tagy, Buďte první, kdo vytvoří štítek k tomuto záznamu!
|
MARC
| LEADER | 00000nam^a2200000^a^4500 | ||
|---|---|---|---|
| 001 | 000008054 | ||
| 005 | 20250521000000.0 | ||
| 009 | 20260310083531.909 | ||
| 020 | |a 84-320-0365-4 | ||
| 037 | |a Acervo ITESO - Biblioteca | ||
| 041 | |a ESP | ||
| 082 | |a 445. |b REP | ||
| 100 | |a Repusseau, Jean |e (autor) | ||
| 245 | 1 | 0 | |a Pedagogía de la lengua materna / |c J. Repusseau ; pref. de Juan Binon ; tr. por Isabel Esteban. |
| 250 | |a 2a edición | ||
| 264 | 4 | |a Barcelona, España : |b Planeta, |c 1978, c1978 | |
| 300 | |a 178 p. | ||
| 336 | |a texto |b txt |2 rdacontenido | ||
| 337 | |a sin mediación |b n |2 rdamedio | ||
| 338 | |a volumen |b nc |2 rdasoporte | ||
| 440 | 1 | |a (Paideia ; |v 45) | |
| 500 | |a Traducción de: Pédagogie de la langue maternelle | ||
| 649 | |a XX | ||
| 650 | |a Francés - |x Estudio y Enseñanza | ||
| 650 | |a Lenguas Romances - |x Estudio y Enseñanza | ||
| 650 | |a Lenguaje y Lenguas - |x Estudio y Enseñanza | ||
| 650 | |a Proceso Educativo | ||
| 650 | |a Educación Familiar | ||
| 650 | |a Educación Preescolar | ||
| 650 | |a Educación Primaria | ||
| 650 | |a Lingüística | ||
| 910 | |a Fondo General | ||
| 920 | |a Impresos - Libros | ||
| 930 | |a Colección General | ||
| 905 | |a 101 | ||
| 901 | |a 0080540100 |b IT1 |c ACC |i 008054 |u 20250521 | ||
| 902 | |a https://opac.biblio.iteso.mx/vufind/Record/000008054 | ||